Movies Quiz

Random Movies or Actress Quiz

100 Sexiest Women in Science Fiction (Images) Quiz Stats

 Plays Quiz not verified by Sporcle

Challenge
Share
Tweet
Score 0/100 Timer 16:00
0 Plays Today
% Correct
Ellen Ripley
74.1%
Leia Organa
60.6%
Padme Amidala
58.3%
Dana Scully
57.9%
Deanna Troi
50%
Beverly Crusher
48.1%
Trinity
48.1%
Sarah Connor
47.7%
Uhura
47.2%
River Tam
43.5%
Borg Queen
41.2%
Nurse Chapel
40.3%
Seven of Nine
39.4%
Rose Tyler
38.9%
Amy Pond
37.5%
Barbarella
37.5%
River Song
34.7%
Jadzia Dax
30.1%
B'Elanna Torres
29.6%
Leeloo
29.6%
Martha Jones
29.2%
T'pol
26.4%
Saavik
21.3%
Kara Thrace
20.8%
Hoshi Sato
19.9%
Romana
17.6%
Ace
16.2%
Zoe Washburne
16.2%
Pris
14.8%
Jo Grant
14.8%
Echo
14.4%
Peri Brown
14.4%
Kyra Nerys
14.4%
Leela
13.9%
% Correct
Kaylee Frye
13.9%
Inara Serra
12.5%
Samantha Carter
12%
Valeris
12%
Leeta
11.1%
Kristine Kochanski
10.6%
Rachael
10.2%
Polly
10.2%
Gwen Cooper
10.2%
Sally Solomon
9.7%
Number 6
9.7%
Nova
8.8%
Jaime Sommers
8.8%
Orion Slave Girls
8.8%
Anastasia Dualla
8.3%
Sharon Valeri
8.3%
Chani
8.3%
Ro Laren
8.3%
Susan Ivanova
7.9%
Lori Quaid
7.4%
Zoe Heriot
6.9%
Aeryn Sun
6.9%
Carmen Ibanez
6.5%
Wilma Deering
6.5%
Lady Jessica
6.5%
Chiana
6%
Diana
6%
Lisa
6%
Sil
6%
Toshiko Sato
6%
Dizzy Flores
5.6%
Persephone
5.6%
Cassiopeia
5.1%
Teyla Emmagan
5.1%
% Correct
Myka Bering
4.6%
Rommie
4.2%
Abby Maitland
4.2%
Princess Aura
4.2%
Ardala
4.2%
Cherry Darling
3.7%
Lindsey Brigman
3.2%
Stephanie Speck
3.2%
Zhora
3.2%
Dr. Wendy Smith
2.8%
Wades Welles
2.8%
Helena Russell
2.8%
Jane
2.8%
Maggie Beckett
2.8%
Penny Priddy
2.3%
Beka Valentine
2.3%
Maggie
2.3%
Jessica 6
2.3%
Claudia Brown
2.3%
Emma
2.3%
Talia Winters
1.9%
Ann McGregor
1.9%
Sheba
1.9%
Doyle
1.9%
Bonnie Barstow
1.4%
Shane Vansen
1.4%
Theora Jones
1.4%
Saint-Exmin
1.4%
Xev Bellringer
1.4%
Alex
1.4%
Number One
0.9%
Cora Peterson
0.9%

You're not logged in!

Compare scores with friends on all Sporcle quizzes.
Join for Free
OR
Log In

You Might Also Like...

Show Comments

Extras

Top Quizzes Today


Score Distribution

Your Account Isn't Verified!

In order to create a playlist on Sporcle, you need to verify the email address you used during registration. Go to your Sporcle Settings to finish the process.

Report this User

Report this user for behavior that violates our Community Guidelines.

Details: